Bài tập ngữ văn 10

Saved in:
Bibliographic Details
Format: Book
Language:Undetermined
Published: Hà Nội Giáo Dục 2006
Subjects:
Tags: Add Tag
No Tags, Be the first to tag this record!
Institutions: Trung tâm Học liệu Trường Đại học Cần Thơ
LEADER 00585nam a2200193Ia 4500
001 CTU_116129
008 210402s9999 xx 000 0 und d
020 |c 4500 
082 |a 495.922076 
082 |b B103/T1/L10 
245 0 |a Bài tập ngữ văn 10 
245 0 |c Phan Trọng Luận ... [et al.] 
260 |a Hà Nội 
260 |b Giáo Dục 
260 |c 2006 
650 |a Vietnamese language 
650 |x study and teaching 
904 |i Tuyến sửa số pl 495.9220712 thành 495.922076) 
980 |a Trung tâm Học liệu Trường Đại học Cần Thơ